Premiers ministres français encore en vie - Statistiques

Statistiques générales
  • Ce quiz a été pris 62 fois
  • Le résultat moyen est 13 sur 17
Statistiques - réponses
Mandat Nom % Correct
2024 Gabriel Attal
91%
2022-2024 Élisabeth Borne
89%
2024-2025 François Bayrou
89%
2020-2022 Jean Castex
86%
2017-2020 Édouard Philippe
84%
depuis 2025 Sébastien Lecornu
79%
2016-2017 Bernard Cazeneuve
75%
2007-2012 François Fillon
75%
2024 Michel Barnier
75%
2014-2016 Manuel Valls
73%
1991-1992 Édith Cresson
70%
2005-2007 Dominique de Villepin
68%
1993-1995 Édouard Balladur
66%
2012-2014 Jean-Marc Ayrault
64%
1995-1997 Alain Juppé
61%
2002-2005 Jean-Pierre Raffarin
59%
1984-1986 Laurent Fabius
59%
Aucun quiz correspondant
Distribution des résultats
% des personnes avec chaque résultat
Percentile par nombre de réponses
Votre historique - résultats
Vous n’avez pas pris ce quiz